export_success — 

Understanding Consumer Behavior

Bibliographic Details
Main Author: Madsen, Erik (Author)
Format: Book
Published: New York: Larsen and Keller Education, 2022.
Subjects:
LEADER 00727cam a2200229 7i4500
001 0000036984
005 20221017090000.0
008 221013t2022 eng
020 # # |a 9781641726252  
040 # # |a MATR 
090 0 0 |a B 658.834   |b MAD 
100 1 # |a Madsen, Erik   |e author  
245 1 0 |a Understanding Consumer Behavior   |c Erik Madsen. 
260 # # |a New York:   |b Larsen and Keller Education,   |c 2022. 
300 # # |a viii, 230 pages:   |b illustrations;   |c 26 cm. 
336 # # |a text   |2 rdacontent 
337 # # |a unmediated   |2 rdamedia 
338 # # |a volume   |2 rdacarrier 
650 # 0 |a Consumer behavior  
650 # 0 |a Consumers' preferences  
650 # 0 |a Consumer profiling  
999 |a B000041954  |b Book  |c Book  |e Business Information Centre